| 000 | 00514 a2200193 4500 | ||
|---|---|---|---|
| 005 | 20260203161149.0 | ||
| 008 | 260203b |||||||| |||| 00| 0 eng d | ||
| 020 |
_a9789384533915 _cRs. 2995.00 |
||
| 040 | _aMAIN | ||
| 082 |
_a616.042 _bQ48D |
||
| 100 | _aQuillan, Maxx | ||
| 245 | _aDNA damage and repair: Methods and applications | ||
| 260 |
_bAmiga Press Inc. _c2024 _aDelhi |
||
| 300 | _aviii, 243 | ||
| 650 | _aMedical Biotechnology | ||
| 650 | _aDNA Molecules | ||
| 650 | _aDNA Damage | ||
| 942 | _cBK | ||
| 999 |
_c395190 _d395190 |
||